The currencies of China: An investigation of silver and gold transactions affecting china
Uloženo v:
| Hlavní autor: | |
|---|---|
| Médium: | Kniha |
| Jazyk: | Undetermined |
| Vydáno: |
Shanghai
Kelly and Walsh
1927
|
| Témata: | |
| Tagy: |
Přidat tag
Žádné tagy, Buďte první, kdo otaguje tento záznam!
|
| Thư viện lưu trữ: | Trung tâm Học liệu Trường Đại học Cần Thơ |
|---|
| LEADER | 00545nam a2200193Ia 4500 | ||
|---|---|---|---|
| 001 | CTU_107030 | ||
| 008 | 210402s9999 xx 000 0 und d | ||
| 082 | |a 332.4 | ||
| 082 | |b K16 | ||
| 100 | |a Kann, Eduard | ||
| 245 | 4 | |a The currencies of China: An investigation of silver and gold transactions affecting china | |
| 245 | 0 | |c Eduard Kann | |
| 260 | |a Shanghai | ||
| 260 | |b Kelly and Walsh | ||
| 260 | |c 1927 | ||
| 650 | |a Money | ||
| 650 | |z China | ||
| 904 | |i Nguyên (Tuyen) | ||
| 980 | |a Trung tâm Học liệu Trường Đại học Cần Thơ | ||